El Salvador: en busca de Gobernabilidad /
Na minha lista:
| Autor principal: | |
|---|---|
| Formato: | Texto |
| Idioma: | Spanish |
| Tags: |
Adicionar Tag
Sem tags, seja o primeiro a adicionar uma tag!
|
MARC
| LEADER | 00000 a a2200000 04500 | ||
|---|---|---|---|
| 001 | 17690 | ||
| 003 | cru CIDCACS/IIS | ||
| 005 | 20200203095839.0 | ||
| 008 | 200203b ||||| |||| 00| 0 spa d | ||
| 999 | |c 42917 |d 42917 | ||
| 040 | |c cru CIDCACS/IIS | ||
| 100 | 1 | |a Vigil, Oscar |9 8974 | |
| 245 | 1 | 3 | |a El Salvador: |b en busca de Gobernabilidad / |c Oscar Vigil |
| 300 | |a páginas 7-8 | ||
| 773 | 0 | |0 42391 |9 4387 |a Agencia Latinoamericana de Información, ALAI |d Quito, Ecuador: ALAI |o 07178 |t ALAI: |x 08275564 (Servicio mensual de información y documentación) | |
| 942 | |2 ddc |c PP | ||
